STN EN ISO 17072-1: 2011 (79 3886) Usne. Chemické stanovenie obsahu kovov Časť 1 Extrahovateľné kovy (ISO 17072-1: 2011)

Táto norma je slovenskou verziou európskej normy EN ISO 17072-1: 2011. Preklad zabezpečil Slovenský ústav technickej normalizácie. Má rovnaké postavenie ako majú oficiálne verzie

Bibliographic Details
Corporate Author: VIPOTEST (Partizánske, Slovensko) (Author)
Other Authors: Brescher, Roman (Translator)
Format: Book
Language:Slovak
English
PhysicalDescription:12 s. tab. 30 cm
Published: Bratislava Slovenský ústav technickej normalizácie 2011
Subjects:

MARC

LEADER 00000nam a2200000 a 4500
001 vtls010316845
003 SK-MaSNL
005 20260302011937.0
008 130117s2011 xo k f u 000 0 slo
015 |a SNBN2013 
020 |c (cen. skup. 10) 
040 |a SNK  |b slo  |c SNK  |e AACR2 
041 1 |a slo  |h eng 
044 |a xo  |c SK 
046 |a s  |m 201110 (účin.) 
072 7 |a 675  |x Kožiarsky priemysel  |2 konspekt 
080 |a 675.1/.2  |2 2001 
080 |a 006.7/.8  |2 2001 
080 |a (437.6)  |2 2001 
080 |a (4)  |2 2001 
084 |a 59.140.30  |2 ICS 
130 0 |a STN 79 3886 (STN EN ISO 17072-1)  |9 653148 
245 1 0 |a STN EN ISO 17072-1: 2011 (79 3886) Usne. Chemické stanovenie obsahu kovov  |n Časť 1  |p Extrahovateľné kovy (ISO 17072-1: 2011) 
246 1 0 |a Usne 
246 1 0 |a Chemické stanovenie obsahu kovov. Časť 1 
246 1 0 |a Extrahovateľné kovy (ISO 17072-1: 2011) 
246 3 0 |a EN ISO 17072-1: 2011 E 
260 |a Bratislava  |b Slovenský ústav technickej normalizácie  |c 2011 
300 |a 12 s.  |b tab.  |c 30 cm 
500 |a Súbežný názov v angličtine, francúzštine, nemčine 
500 |a Táto norma ruší článok 3.7 STN 79 0055 z februára 2001 
500 |a spracovateľ VIPOTEST Partizánske, Roman Brescher 
504 |a Citované normy, súvisiace právne predpisy s. 2 ; literatúra s. 12 
520 8 |a Táto norma je slovenskou verziou európskej normy EN ISO 17072-1: 2011. Preklad zabezpečil Slovenský ústav technickej normalizácie. Má rovnaké postavenie ako majú oficiálne verzie 
540 |a STN vydané na akomkoľvek nosiči sa môžu rozmnožovať a rozširovať iba so súhlasom určenej právnickej osoby  |b SÚTN Bratislava  |c zákon 264/1999 Z.z. 
650 0 7 |a kožené výrobky  |2 SNKPH  |9 81732 
650 0 7 |a kožiarsky priemysel  |2 SNKPH  |9 69784 
650 0 7 |a Leather goods  |2 SNKPHeng  |9 342609 
650 0 7 |a technické normy a štandardy  |z Slovensko  |2 SNKPH  |9 79594 
650 0 7 |a technické normy a štandardy  |z krajiny Európskej únie  |2 SNKPH  |9 289341 
655 7 |a normy  |2 SNKPH  |9 70643 
700 1 |a Brescher, Roman  |4 trl  |9 413602 
710 2 |a VIPOTEST (Partizánske, Slovensko)  |4 aut  |9 407724 
710 2 |a Slovenský ústav technickej normalizácie (Bratislava, Slovensko).  |b Technická komisia: TK 24 Materiály a výrobky kožiarskeho priemyslu  |4 stn  |9 321886 
852 |a Štátna vedecká knižnica v Banskej Bystrici 
958 |a OP 
958 |a NB 
999 |c 1007923  |d 1009853 
952 |a SNK  |b SNK  |y PREZ  |7 0  |p 17A0754756  |o snkSTN EN ISO 17072-1  |i snk2011/21769  |8 0  |0 0  |1 0  |4 0  |d 2011-10-26  |l 0  |r 2026-02-24 12:41:52  |w 2026-02-24 
952 |a SNK  |b SNK  |y PREZ  |7 0  |p 17A0754757  |o snkSTN EN ISO 17072-1 D1  |i snk2011/21770  |8 0  |0 0  |1 0  |4 0  |d 2011-10-26  |l 0  |r 2026-02-24 12:41:52  |w 2026-02-24